Gender, social change and spiritual power : charismatic Christianity in Ghana /
Charismatic Christianity is the most recent and fastest growing expression of Pentecostal religion in Sub-Saharan Africa. In Ghana's capital, Accra, the charismatic churches dominate the religious scene. This book focuses on the gender discourses of Ghana's new churches, and considers char...
المؤلف الرئيسي:
التنسيق: كتاب الكتروني
اللغة: English
منشور في:
Leiden ; Boston :
Brill,
2007.
سلاسل:
Studies of Religion in Africa
30.
Religious Studies, Theology and Philosophy E-Books Online, Collection 2007, ISBN: 9789004223073.
الموضوعات:
الوصول للمادة أونلاين: Login to view Source
الوسوم: إضافة وسم
رقم الطلب: BX8762.A45 G44 2007
| LEADER | 03207nam a2200565 i 4500 | ||
|---|---|---|---|
| 001 | BRILL9789047419396 | ||
| 003 | nllekb | ||
| 005 | 20210602100105.0 | ||
| 006 | m d | ||
| 007 | cr un uuuua | ||
| 008 | 061219s2007 ne sb 001 0 eng | ||
| 010 | |a 2006050044 | ||
| 015 | |a GBA710801 |2 bnb | ||
| 016 | 7 | |a 013661615 |2 Uk | |
| 016 | 7 | |a B0704289 |2 bccb | |
| 020 | |a 9789047419396 |q (electronic book) | ||
| 020 | |z 9789004157897 |q (print) | ||
| 024 | 7 | |a 10.1163/ej.9789004157897.i-264 |2 DOI | |
| 035 | |a (OCoLC)77574596 | ||
| 040 | |a NL-LeKB |c NL-LeKB |e rda | ||
| 043 | |a f-gh--- | ||
| 050 | 4 | |a BX8762.A45 |b G44 2007 | |
| 082 | 0 | 4 | |a 289.9/409667 |2 22 |
| 100 | 1 | |a Soothill, Jane E. | |
| 245 | 1 | 0 | |a Gender, social change and spiritual power : |b charismatic Christianity in Ghana / |c by Jane E. Soothill. |
| 264 | 1 | |a Leiden ; |a Boston : |b Brill, |c 2007. | |
| 300 | |a 1 online resource. | ||
| 336 | |a text |b txt |2 rdacontent | ||
| 337 | |a computer |b c |2 rdamedia | ||
| 338 | |a online resource |2 rdacarrier | ||
| 490 | 0 | |a Brill eBook titles 2007 | |
| 504 | |a Includes bibliographical references (p. [231]-248) and index. | ||
| 505 | 0 | 0 | |a Preliminary Materials -- Introduction -- Chapter One. Religion And Gender In Africa -- Chapter Two. Charismatic Christianity -- Chapter Three. Gender Politics In Ghana -- Chapter Four. Defining Womanhood -- Chapter Five. Big Women, Small Girls -- Chapter Six. Men, Marriage And Modernity -- Chapter Seven. Christianity, Gender And Cultural Authenticity -- Select Bibliography -- Index. |
| 506 | 1 | |a Available to subscribing member institutions only. | |
| 520 | |a Charismatic Christianity is the most recent and fastest growing expression of Pentecostal religion in Sub-Saharan Africa. In Ghana's capital, Accra, the charismatic churches dominate the religious scene. This book focuses on the gender discourses of Ghana's new churches, and considers charismatic perspectives on womanhood, manhood, marriage and family life. Offering a fresh perspective on the organisational structures of the charismatic churches, this study looks at the leadership roles of female pastors and pastors' wives, and draws attention to the links between female leaders and spiritual power. By highlighting the importance of spiritual power in interpreting gendered social change, the book sheds new light on the socio-cultural role of Ghana's new churches. | ||
| 650 | 7 | |a Geschlechterrolle. |2 swd | |
| 650 | 7 | |a Pfingstbewegung. |2 swd | |
| 650 | 7 | |a Sozialer Wandel. |2 swd | |
| 650 | 0 | |a Pentecostal churches |z Ghana |z Accra |x Sociological aspects. | |
| 651 | 7 | |a Accra. |2 swd | |
| 651 | 7 | |a Ghana. |2 swd | |
| 651 | 0 | |a Accra (Ghana) |x Church history. | |
| 776 | 0 | |t Gender, social change and spiritual power |z 9789004157897 (hc : alk. paper) |z 9004157891 (hc : alk. paper) | |
| 830 | 0 | |a Studies of Religion in Africa |v 30. | |
| 830 | 0 | |a Religious Studies, Theology and Philosophy E-Books Online, Collection 2007, ISBN: 9789004223073. | |
| 856 | 4 | |z DOI: |u http://dx.doi.org/10.1163/ej.9789004157897.i-264 | |
| 942 | |c EBOOK | ||
| 952 | |0 0 |1 0 |4 0 |7 1 |9 13754 |a BRILL |b BRILL |d 2021-06-02 |l 0 |r 2021-06-02 00:00:00 |w 2021-06-02 |y EBOOK | ||
| 994 | |a C0 |b NEIDC | ||
| 999 | |c 35205 |d 35205 | ||
